| 000 -LEADER | |
|---|---|
| fixed length control field | 00478nam a22001697a 4500 |
| 005 - DATE AND TIME OF LATEST TRANSACTION | |
| control field | 20240106131252.0 |
| 008 - FIXED-LENGTH DATA ELEMENTS--GENERAL INFORMATION | |
| fixed length control field | 190326b xxu||||| |||| 00| 0 eng d |
| 020 ## - INTERNATIONAL STANDARD BOOK NUMBER | |
| ISBN | 978-81-85790-07-7 |
| 041 ## - LANGUAGE CODE | |
| Language code of text/sound track or separate title | eng |
| 100 ## - MAIN ENTRY--AUTHOR NAME | |
| Personal name | KASTURE. Dr. V N , MAHADIK, Dr.K.R ,WADODKAR,Dr.WADODKAR AND MORE Dr, H.N |
| 245 ## - TITLE STATEMENT | |
| Title | PHARMACEUTICAL ANALYSIS (vol-I) |
| 250 ## - EDITION STATEMENT | |
| Edition statement | 16 th, 2018 |
| 260 ## - PUBLICATION, DISTRIBUTION, ETC. (IMPRINT) | |
| Place of publication | PUNE |
| Name of publisher | NIRALI PRAKASHAN |
| 300 ## - PHYSICAL DESCRIPTION | |
| Number of Pages | I.2 p, |
| 650 ## - SUBJECT ADDED ENTRY--TOPICAL TERM | |
| Topical Term | PHARMACY |
| General subdivision | D.PHARMA |
| 942 ## - ADDED ENTRY ELEMENTS (KOHA) | |
| Koha item type | Books |
| Lost status | Damaged status | Collection code | Home library | Current library | Shelving location | Date acquired | Source of acquisition | Cost, normal purchase price | Accession Number | Koha item type | Full call number |
|---|---|---|---|---|---|---|---|---|---|---|---|
| PHARMACY | JRU Library | JRU Library | Shelf - 21- F | 26/03/2019 | PURCHESS | 240.00 | 22518 | Books | |||
| PHARMACY | JRU Library | JRU Library | Shelf - 21- F | 26/03/2019 | PURCHESS | 240.00 | 22519 | Books | 615.9 | ||
| PHARMACY | JRU Library | JRU Library | SHELF-4-D | 26/03/2019 | PURCHESS | 240.00 | 22520 | Books | |||
| Reference | JRU Library | SHELF-72-B | 19/02/2021 | PURCHES / LBI - 1710 / 11-2-21 | 260.00 | 25535 | Books | 615.9 | |||
| PHARMACY | JRU Library | JRU Library | Shelf - 21- F | 19/02/2021 | PURCHES / LBI - 1710 / 11-2-21 | 260.00 | 25536 | Books | 615.9 | ||
| PHARMACY | JRU Library | JRU Library | SHELF-17-G | 19/02/2021 | PURCHES / LBI - 1710 / 11-2-21 | 260.00 | 25537 | Books | 615.9 | ||
| PHARMACY | JRU Library | JRU Library | Shelf - 21- F | 19/02/2021 | PURCHES / LBI - 1710 / 11-2-21 | 260.00 | 25538 | Books | 615.9 | ||
| PHARMACY | JRU Library | JRU Library | Shelf - 21- F | 19/02/2021 | PURCHES / LBI - 1710 / 11-2-21 | 260.00 | 25539 | Books | 615.9 | ||
| PHARMACY | JRU Library | JRU Library | Shelf - 21- F | 19/02/2021 | PURCHES / LBI - 1710 / 11-2-21 | 260.00 | 25540 | Books | 615.9 | ||
| PHARMACY | JRU Library | JRU Library | Shelf - 21- F | 19/02/2021 | PURCHES / LBI - 1710 / 11-2-21 | 260.00 | 25541 | Books | 615.9 | ||
| PHARMACY | JRU Library | JRU Library | Shelf - 21- F | 19/02/2021 | PURCHES / LBI - 1710 / 11-2-21 | 260.00 | 25542 | Books | 615.9 |